LEADER 01228nmm1 2200373 450 001 990003222860203316 005 20090421125015.0 035 $a000322286 035 $aUSA01000322286 035 $a(ALEPH)000322286USA01 035 $a000322286 100 $a20090421d2008----km-y0itay50------ba 101 0 $aita 102 $aIT 105 $a||||||||001yy 200 1 $a<> sergente$b[Multimediale]$fMarco Paolini 210 $aTorino$cEinaudi$d2008 215 $a1 kit (1 v., 1 DVD)$din contenitore, 21 cm 225 2 $aEinaudi$iStile libero Dvd 300 $aTit. del contenitore 300 $aSul contenitore : Ora in Dvd dopo il successo in teatro e in televisione 410 0$12001$aEinaudi$iStile libero Dvd 463 \1$1001990003222910203316$12001 $aQuaderno del sergente 463 \1$1001990003222950203316$12001 $a<> sergente$econtenuti speciali$everso il Don$e[risorsa elettronica] 676 $a852.914 700 1$aPAOLINI,$bMarco$0466208 912 $a990003222860203316 951 $aXIII.1.A.$b2039 L.G.$cXIII.1. 959 $aBK 969 $aUMA 979 $aPAOLA$b90$c20090421$lUSA01$h1242 979 $aPAOLA$b90$c20090421$lUSA01$h1250 996 $aSergente$923363 997 $aUNISA LEADER 00993nam0-22003371i-450- 001 990006907240403321 005 20001010 010 $a88-207-2909-1 035 $a000690724 035 $aFED01000690724 035 $a(Aleph)000690724FED01 035 $a000690724 100 $a20001010d--------km-y0itay50------ba 101 0 $aita 105 $ay-------001yy 200 1 $a<>utilitarismo classico$eBentham, Mill, Sidgwick$fFrancesco Fagiani$gintroduzione di Carlo Augusto Viano$ga cura di BrunoMorcavallo. 210 $aNapoli$cLiguori$d1999. 215 $aVIII, 180 p.$d21 cm 225 1 $aFilosofia pubblica$v14. Paradigma 610 0 $aUtilitarismo 676 $a171 700 1$aFagiani,$bFrancesco$0254460 702 1$aMorcavallo,$bBruno 801 0$aIT$bUNINA$gRICA$2UNIMARC 901 $aBK 912 $a990006907240403321 952 $aCOLLEZ. 1922 (14)$b36172$fFSPBC 959 $aFSPBC 996 $aUtilitarismo classico$9629830 997 $aUNINA DB $aGEN01 LEADER 00984nam2-2200373---450 001 990002664340203316 005 20220426101316.0 035 $a000266434 035 $aUSA01000266434 035 $a(ALEPH)000266434USA01 035 $a000266434 100 $a20050927d1984----km-y0itay0103----ba 101 $afre 102 $aCH 105 $a||||||||001yy 200 1 $a2$fJean-Marc Moret 210 $aGenève$cInstitut Suisse de Rome$d1984 215 $aXII p., 96 p. di tav.$d31 cm 410 0$12001 454 1$12001 461 1$1001000266432$12001 606 0 $aMitologia greca$xEdipo$xArte 606 $aEdipo$xArte 606 $aSfinge$xArte 606 $aMitologia antica$xIconografia 676 $a738.3820938 700 1$aMORET,$bJean Marc$0187332 801 0$aIT$bsalbc$gISBD 912 $a990002664340203316 951 $aXI.3.B. 159/2(X B 805/II)$b181479 L.M.$cX B$d00179867 959 $aBK 969 $aUMA 996 $a2$92832162 997 $aUNISA